Aula revue pro vysokoškolskou a vědní politiku

Guardado en:
Detalles Bibliográficos
Formato: Seriadas
Lenguaje:checo
Publicado: Praha 5 Centrum pro studium vysokého školství, v.v.i. 2016
Etiquetas: Agregar Etiqueta
Sin Etiquetas, Sea el primero en etiquetar este registro!

MARC

LEADER 00000nas2a2200000 4500
001 0241501
005 20180323122725.2
022 |a 2533-4433 
041 0 |a cze 
044 |a CZ 
245 1 0 |a Aula  |b revue pro vysokoškolskou a vědní politiku 
264 1 |a Praha 5  |b Centrum pro studium vysokého školství, v.v.i.  |c 2016 
773 0 |w eu_un_cat*0241491